Welcome to CU Library Online Public Access Catalogue (OPAC)

Making Meetings Work in a week (Record no. 3897)

MARC details
000 -LEADER
fixed length control field 00411nam a22001577a 4500
005 - DATE AND TIME OF LATEST TRANSACTION
control field 20250217104304.0
008 - FIXED-LENGTH DATA ELEMENTS--GENERAL INFORMATION
fixed length control field 250217b |||||||| |||| 00| 0 eng d
020 ## - INTERNATIONAL STANDARD BOOK NUMBER
International Standard Book Number 0340772425
050 ## - LIBRARY OF CONGRESS CALL NUMBER
Classification number HF5734
Item number 5. WIL
100 ## - MAIN ENTRY--PERSONAL NAME
Personal name Willcocks, Graham
245 ## - TITLE STATEMENT
Title Making Meetings Work in a week
260 ## - PUBLICATION, DISTRIBUTION, ETC.
Place of publication, distribution, etc. London
Name of publisher, distributor, etc. Hodder and Stoughton
Date of publication, distribution, etc. c2000
300 ## - PHYSICAL DESCRIPTION
Extent 95p;
Other physical details ill.;
700 ## - ADDED ENTRY--PERSONAL NAME
Personal name Morris, Steve
942 ## - ADDED ENTRY ELEMENTS (KOHA)
Source of classification or shelving scheme Library of Congress Classification
Koha item type Books
Suppress in OPAC No
999 ## -
-- 3897
-- 3897
Holdings
Withdrawn status Lost status Source of classification or shelving scheme Damaged status Not for loan Collection Home library Current library Shelving location Date acquired Total checkouts Full call number Barcode Date last seen Copy number Price effective from Koha item type
    Library of Congress Classification     Non-fiction Undergraduate Library (Christ Temple) Undergraduate Library (Christ Temple) General stacks 02/17/2025   HF5734.5 WIL ulct00001225 02/17/2025 1 02/17/2025 Books
    Library of Congress Classification     Non-fiction Undergraduate Library (Christ Temple) Undergraduate Library (Christ Temple) General stacks 02/17/2025   HF5734.5 WIL ulct00001226 02/17/2025 2 02/17/2025 Books
© 2023-2024 Copyright: Central University Libraries. All Rights Reserved | Created by: Mahone Tech Office